| 000 | 00520nam a2200217Ia 4500 | ||
|---|---|---|---|
| 003 | OSt | ||
| 005 | 20230320094845.0 | ||
| 008 | 210423s1981 xx 000 0 und d | ||
| 040 | _cAL | ||
| 041 | _aeng | ||
| 082 |
_a660 _223 _bSTIW |
||
| 100 |
_aSTINE (William R) _949224 |
||
| 245 | _aApplied chemistry | ||
| 250 | _a2 | ||
| 260 |
_aBoston _bAllyn and Bacon Inc _c1981 |
||
| 300 | _axvi,558,18 | ||
| 365 | _cINR | ||
| 650 |
_aChemical Engineering _949225 |
||
| 906 | _aApplied ; chemistry. | ||
| 942 |
_2ddc _cBK |
||
| 999 |
_c153790 _d153790 |
||